| 000 | 00585nam a22001937a 4500 | ||
|---|---|---|---|
| 999 |
_c172284 _d172284 |
||
| 005 | 20200131105231.0 | ||
| 010 | _aENG-127581 | ||
| 020 |
_a9789380920764 _c795.00 |
||
| 035 | _aEN-111113 | ||
| 037 | _bDBAD/PUB | ||
| 082 | _a954.05 | ||
| 100 | _aM.K Singh | ||
| 245 |
_aMohan Bhagwat / _cby M.K. Singh |
||
| 260 |
_aNew Delhi _bSun Shine Books _c2019 |
||
| 270 |
_bNew Delhi _a4760-4761, 2nd Floor, 23 Ansari Road, Daryaganj _e11000 |
||
| 300 |
_a196p. _b22 cm(hb) |
||
| 500 | _ainclude Bibliographical references and index | ||
| 942 |
_2ddc _cEN _h954.05 _mMAD |
||